AH International Schools' Libraries

The Adventures of Captain Underpants / (Record no. 48287)

MARC details
000 -LEADER
fixed length control field 00323nam a2200109 4500
020 ## - INTERNATIONAL STANDARD BOOK NUMBER
International Standard Book Number 9780545499088
100 ## - MAIN ENTRY--PERSONAL NAME
Personal name Pilkey, Dav,
Relator term author.
9 (RLIN) 56311
245 ## - TITLE STATEMENT
Title The Adventures of Captain Underpants /
Statement of responsibility, etc the first epic novel by Dav Pilkey.
260 ## - PUBLICATION, DISTRIBUTION, ETC. (IMPRINT)
Place of publication, distribution, etc New York :
Name of publisher, distributor, etc Scholastic ;
Date of publication, distribution, etc 2013.
300 ## - PHYSICAL DESCRIPTION
Extent 136 pages.
942 ## - ADDED ENTRY ELEMENTS (KOHA)
Source of classification or shelving scheme
Koha item type Book
Holdings
Withdrawn status Lost status Source of classification or shelving scheme Damaged status Not for loan Home library Current library Date acquired Total Checkouts Full call number Barcode Date last seen Date checked out Price effective from Koha item type
          Logos International School Logos International School 01/30/2025 10 J FIC PIL 040320 04/27/2026 04/20/2026 01/30/2025 Book

For any Logos Library related questions please contact Miss Art at swongnarasuk@asianhope.org.

For any Asian Hope Library related questions please contact Miss Raza at graza@asianhope.org.

Powered by Koha